000 00309 a2200157 4500
001 194581
020 _a978-85-08-18187-2
040 _cMagnum
100 _aFrança, Mary
240 1 0 _aO trem
_lpor
245 1 0 _aO trem
300 _a16
362 0 _a2016
697 _aLITERATURA INFANTIL
942 _cBK
999 _c194581
_d194581